Universae theologiae moralis accurata complexio instituendis candidatis accommodata, in qua. graviori praesertim S. Thomaes auctoritate, atque solidiori ratione ducibus quaestiones omnes, quea ad rem Moralem pertinent, brevi ac perspicua método resolvuntur (Record no. 8653)

MARC details
000 -CABECERA
campo de control de longitud fija 01268nam a2200265 a 4500
001 - NÚMERO DE CONTROL
campo de control BRCA_9002
003 - IDENTIFICADOR DEL NÚMERO DE CONTROL
campo de control FranzMayer
005 - FECHA Y HORA DE LA ÚLTIMA TRANSACCIÓN
campo de control 20230724124736.0
008 - DATOS DE LONGITUD FIJA--INFORMACIÓN GENERAL
campo de control de longitud fija 170717s1771----sp-#######---#000-0#lat-#
040 ## - FUENTE DE LA CATALOGACIÓN
Centro catalogador/agencia de origen MFM
Lengua de catalogación esp
Centro/agencia transcriptor MFM
041 ## - CÓDIGO DE LENGUA
Código de lengua del texto/banda sonora o título independiente lat
044 ## - CÓDIGO DEL PAÍS DE LA ENTIDAD EDITORA/PRODUCTORA
Código MARC del país sp
084 ## - OTRO NÚMERO DE CLASIFICACIÓN
Número de clasificación LM47
Número de documento/Ítem .C86 1771
100 1# - ENTRADA PRINCIPAL--NOMBRE DE PERSONA
Nombre de persona Cuniliati, Fulgentio
9 (RLIN) 22342
245 10 - MENCIÓN DE TÍTULO
Título Universae theologiae moralis accurata complexio instituendis candidatis accommodata, in qua. graviori praesertim S. Thomaes auctoritate, atque solidiori ratione ducibus quaestiones omnes, quea ad rem Moralem pertinent, brevi ac perspicua método resolvuntur
Mención de responsabilidad, etc. A.P.F. Fulgentio Cuniliati Ordinis praedicatorum, congregationis; B. Jacobi Salomonii; exlectore sacre theologiae scolastico Dogmatice à pluribus annis Moralis Professore Ordinario in Collegio SS. Rosarii Venetiarum.
260 ## - PUBLICACIÓN, DISTRIBUCIÓN, ETC.
Lugar de publicación, distribución, etc. Matriti
Nombre del editor, distribuidor, etc. Ex typpographia Blassi Roman
Fecha de publicación, distribución, etc. 1771
300 ## - DESCRIPCIÓN FÍSICA
Extensión 372 p. (pte. 1)
Dimensiones 29.5 x 21 cm
500 ## - NOTA GENERAL
Nota general En portada: Editio Prima Matritensis
500 ## - NOTA GENERAL
Nota general En portada: Ab innumeris erroribus expurgata
500 ## - NOTA GENERAL
Nota general Superiorum permissu
500 ## - NOTA GENERAL
Nota general Estado físico: presenta encuadernación en pergamino con cintas rotas
650 14 - PUNTO DE ACCESO ADICIONAL DE MATERIA--TÉRMINO DE MATERIA
Término de materia o nombre geográfico como elemento de entrada Teología moral
Subdivisión cronológica Obras anteriores a 1800
9 (RLIN) 21355
902 ## - CATALOGADOR
Iniciales CFM
942 ## - ELEMENTOS DE PUNTO DE ACCESO ADICIONAL (KOHA)
Fuente del sistema de clasificación o colocación Library of Congress Classification
Tipo de ítem Koha Libros
Holdings
Estado de retiro Estado de pérdida Fuente del sistema de clasificación o colocación Estado dañado No para préstamo Código de colección Localización permanente Ubicación/localización actual Fecha de adquisición Fuente de adquisición Total de préstamos Signatura topográfica completa Código de barras Fecha visto por última vez Precio válido a partir de Tipo de ítem Koha
El ejemplar forma parte de la colección y puede ser consultado según las políticas vigentes.   Library of Congress Classification     Conventual Franz Mayer Biblioteca del Museo Franz Mayer (Rogerio Casas-Alatriste) Biblioteca del Museo Franz Mayer (Rogerio Casas-Alatriste) 17/07/2017 Donación   LM47 .C86 1771 CFM00285 22/03/2019 22/03/2019 Libros